Sistema de información web para la gestión de contenido publicitario, solicitud de pedidos a domicilio y reservas en los restaurantes del municipio de Esteli
de información web, con el cual los restaurantes de la ciudad de Estelí, podrán registrarse y acceder a un sin número de funciones que el sistema ofrece. En cuanto a los comensales o ciudadanía en general podrán registrarse y hacer uso alguno de los servicios que los restaurantes ofrecen como...
| Main Authors: | , , |
|---|---|
| Other Authors: | |
| Format: | Tesis Section = Libro |
| Language: | Undetermined Spanish |
| Published: |
Managua
UNI/RUACS
2021
|
| Subjects: |
| LEADER | 01457nam a2200313Ia 4500 | ||
|---|---|---|---|
| 008 | 240830s9999 xx 000 0 und d | ||
| 040 | |a BIBLIOTECA-RUPAP/ Mon 005.1 G643 | ||
| 041 | |a spa | ||
| 082 | |a Mon 005.1 G643 | ||
| 100 | 1 | |a González Aguilar, Lésther Josué | |
| 100 | 1 | |b Amador Centeno, Michael Antonio | |
| 100 | 1 | |c Cruz Reyes, Juan Manuel | |
| 245 | 1 | 0 | |a Sistema de información web para la gestión de contenido publicitario, solicitud de pedidos a domicilio y reservas en los restaurantes del municipio de Esteli |
| 260 | |a Managua |b UNI/RUACS |c 2021 | ||
| 300 | |a 190 p.:il. | ||
| 500 | |a Contiene: anexos y CD. | ||
| 502 | |a Tesis (Ingeniero de Sistemas) - UNI/RUACS, 2021. | ||
| 520 | 3 | |a de información web, con el cual los restaurantes de la ciudad de Estelí, podrán registrarse y acceder a un sin número de funciones que el sistema ofrece. En cuanto a los comensales o ciudadanía en general podrán registrarse y hacer uso alguno de los servicios que los restaurantes ofrecen como la reserva de mesas. | |
| 650 | 7 | |a SISTEMA DE INFORMACION SOBRE PUBLICIDAD | |
| 650 | 7 | |b SERVICIOS DE INFORMACION EN LINEA | |
| 650 | 7 | |c SISTEMA DE INFORMACION WEB | |
| 650 | 7 | |d SISTEMA INFORMATICO | |
| 650 | 7 | |e SERVICIO WEB | |
| 650 | 7 | |f METODOLOGIA | |
| 650 | 7 | |g LENGUAJE DE PROGRAMACION PARA COMPUTADOR 8. NEGOCIOS-NICARAGUA. | |
| 700 | 1 | |a Tutor: |b Poveda, José Manuel | |
| 942 | |c BK |2 ddc | ||
| 991 | |a TESIS | ||
| 999 | |c 19044 | ||